000 00856nam a2200229Ia 4500
003 GCL
008 140319s9999 xx 000 0 ara d
040 _aGCL /
_cGCL
082 0 4 _a581.09
_bع و
100 1 _aابن العديم، كمال الدين بن هبه
245 1 0 _aالوصلة الى الحبيب فى وصف الطيبان والطيب /
_cابن العديم، كمال الدين بن هبه
700 1 _aدرية الخطيب
700 1 _aسليمى محجوب (تحقيق)
300 _a1076 ص
490 _aمصادر ودراسات فى تاريخ العلوم العربية
_v0
650 0 4 _aالعلوم عند العرب
650 0 4 _aالعلماء المسلمون
650 0 4 _aالحضارة الاسلامية
650 0 4 _aالاغذية - تاريخ
650 0 4 _aالنبات - تاريخ
942 _2ddc
_cBK
999 _c46343
_d46343